000 00841nam a2200265Ia 4500
003 GCL
008 140319s9999 xx 000 0 ara d
040 _aGCL /
_cGCL
082 0 4 _a658.15932
_bز ا
100 1 _aزهير حنفى على
245 1 0 _aالاصول العلمية فى التنظيم الادارى للمستشفيات /
_cزهير حنفى على
260 _a[S.N] :
_bمكتبة الانجلوالمصرية ،
_c1988
300 _a126 ص
490 _a
650 0 4 _aالرعاية الصحية
650 0 4 _aالادارة
650 0 4 _aالعيادات الطبية
650 0 4 _aادارة الافراد
650 0 4 _aالمرضى
650 0 4 _aالتمريض
650 0 4 _aالسجلات
650 0 4 _aالمستشفيات - ادارة
650 0 4 _aخدمات التغذية
942 _2ddc
_cBK
999 _c34882
_d34882